| 000 | 02431nam0a2200349 4500 | ||
|---|---|---|---|
| 001 | RU\NLR\BIBL_A\022334783 | ||
| 005 | 20260607043831.0 | ||
| 021 |
_aRU _bКН-П-24-042988 _9КН-П-24-4281 |
||
| 035 | _a(NLR Aleph) 022334783 | ||
| 090 |
_a13665711 _c13665711 |
||
| 100 | _a20240926d2024 u y0rusy50 ca | ||
| 101 | 0 | _arus | |
| 102 | _aRU | ||
| 105 | _aa j 000yy | ||
| 181 | 0 |
_ai _baxxe |
|
| 182 | 0 | _an | |
| 200 | 1 |
_aИсследование и технология построения графиков функций в среде Mathcad _eучебное пособие _eдля студентов математических, экономических, инженерно-технических вузов _fС. И. Панькина, Г. В. Токмазов, М. Н. Лютикова _gФедеральное государственное образовательное учреждение высшего образования "Государственный морской университет имени адмирала Ф. Ф. Ушакова" |
|
| 203 |
_aТекст _bвизуальный _cнепосредственный |
||
| 210 |
_aНовороссийск _cРИО ГМУ им. адм. Ф. Ф. Ушакова _d2024 |
||
| 215 |
_a76 с. _cил., табл. _d21 |
||
| 320 | _aБиблиогр.: с. 73-75 (24 назв.) | ||
| 606 | 1 |
_aФункции _jУчебные издания для высших учебных заведений _xГрафические изображения _xПостроение на компьютерах _92684350 _3RU\NLR\AUTH\6601762048 |
|
| 606 | 1 |
_aФункции _jУчебные издания для высших учебных заведений _xИсследование _xПрименение компьютеров _92684351 _3RU\NLR\AUTH\6601762049 |
|
| 606 | 1 |
_aMATHCAD, пакет прикладных программ _jУчебные издания для высших учебных заведений _92077446 _3RU\NLR\AUTH\661253075 |
|
| 686 | _aВ192.14с116я73-1 | ||
| 700 | 1 |
_aПанькина _bС. И. _gСветлана Ивановна |
|
| 701 | 1 |
_8rus _7ca _aТокмазов _bГ. В. _gГеоргий Васильевич _3RU\NLR\AUTH\7722834 _95889 |
|
| 701 | 1 |
_aЛютикова _bМ. Н. _gМарина Николаевна |
|
| 942 | _cBOOK | ||
| 980 | _aNB | ||